| 000 -LEADER |
| fixed length control field |
00322nam a22000977a 4500 |
| 008 - FIXED-LENGTH DATA ELEMENTS--GENERAL INFORMATION |
| fixed length control field |
171204b xxu||||| |||| 00| 0 eng d |
| 100 ## - MAIN ENTRY--AUTHOR'S NAME |
| Author's Name |
Robert Siegel Auctions |
| 245 ## - TITLE STATEMENT |
| Title |
Keith Steiner Collection of Hawaiian Numerals (June 28, 2017) |
| 260 ## - PUBLICATION, DISTRIBUTION, ETC. (IMPRINT) |
| Place of publication, distribution, etc. |
New Your |
| Name of publisher, distributor, etc. |
Robert Siegel Auctions Galleries |
| Date of publication, distribution, etc. |
2017 |
| 650 ## - TOPICAL TERM (Tag) |
| Topical term or geographic name |
hawaiian numerals |